000 00924nas a2200313 4500
001 BR0706361
003 BR-BrBNA
005 20231205111244.0
007 ta
008 230509b bl.|||p| |||| 00| 00por d
040 _aBR-BrBNA
_bpor
_cBiblioteca Nacional de Agricultura
041 _a(Pt)
072 _aL73; L70
100 1 _aWeiss, R.R.
100 1 _aRodaski, S.
100 1 _aLange, R.
100 1 _aGuérios, S.D.
100 1 _aBarreiros-Neto, L.J.
100 1 _aPasserino, A.S.
100 1 _aPerroni, M.A.
100 1 _aNardi, A.B.
245 1 _aOvariectomia bilateral em anta (Tapirus terrestris)para tratamento de hiperplasia e prolapso vaginal
650 _aANTA
650 _aOVÁRIO
650 _aHIPERPLASIA
773 0 _tArchives of Veterinary Science (Brazil)
_xISSN 1517-784X
_g(Oct 2000), v. 5 p. 61-65
_wBR0706361
909 _a202311
_bLúcia
_c55
_dLúcia Elande
942 _2AGRIS
_n0
_cANA
999 _c191648
_d191648